[Event "WCO 2016"]
[Site "?"]
[Date "2016.09.11"]
[Round "9"]
[Board "16"]
[WhiteID "7700768"]
[White "Johnson Joshua"]
[BlackID "5300401"]
[Black "Abdulaziz Mahmoud"]
[Result "1/2-1/2"]
[BlackElo "2123"]
[WhiteElo "2119"]
[LiveChessVersion "1.4.8"]

1. e4 {[%clk 1:30:59]} c5 {[%clk 1:30:59]} 2. Nf3 {[%clk 1:31:22]} Nc6
{[%clk 1:31:28]} 3. d4 {[%clk 1:31:18]} cxd4 {[%clk 1:31:50]} 4. Nxd4
{[%clk 1:31:43]} g6 {[%clk 1:32:19]} 5. c4 {[%clk 1:27:18]} Bg7 {[%clk 1:32:47]}
6. Be3 {[%clk 1:27:14]} Nf6 {[%clk 1:33:14]} 7. f3 {[%clk 1:24:27]} e6
{[%clk 1:28:20]} 8. Nb5 {[%clk 0:54:27]} d5 {[%clk 1:22:47]} 9. N1c3
{[%clk 0:51:53]} a6 {[%clk 1:16:53]} 10. cxd5 {[%clk 0:45:51]} axb5
{[%clk 1:15:17]} 11. dxc6 {[%clk 0:42:40]} Qxd1+ {[%clk 1:14:22]} 12. Rxd1
{[%clk 0:42:59]} bxc6 {[%clk 1:14:44]} 13. a3 {[%clk 0:35:52]} Nd7
{[%clk 1:07:30]} 14. Rc1 {[%clk 0:30:14]} Bb7 {[%clk 1:05:05]} 15. Be2
{[%clk 0:28:11]} Ke7 {[%clk 1:00:35]} 16. O-O {[%clk 0:28:05]} h6
{[%clk 0:58:13]} 17. f4 {[%clk 0:26:05]} e5 {[%clk 0:51:12]} 18. Bg4
{[%clk 0:21:46]} exf4 {[%clk 0:48:47]} 19. Rxf4 {[%clk 0:19:43]} Ne5
{[%clk 0:45:49]} 20. Bc5+ {[%clk 0:18:38]} Ke8 {[%clk 0:45:29]} 21. Be2
{[%clk 0:18:23]} Bc8 {[%clk 0:44:02]} 22. Rff1 {[%clk 0:14:37]} Be6
{[%clk 0:43:02]} 23. Rfd1 {[%clk 0:14:19]} Rd8 {[%clk 0:37:34]} 24. h3
{[%clk 0:09:29]} Bb3 {[%clk 0:33:02]} 25. Rxd8+ {[%clk 0:07:46]} Kxd8
{[%clk 0:33:29]} 26. Nd1 {[%clk 0:07:56]} Kd7 {[%clk 0:29:22]} 27. Ne3
{[%clk 0:06:27]} Rc8 {[%clk 0:28:09]} 28. Rc3 {[%clk 0:05:41]} Be6
{[%clk 0:28:36]} 29. Rc2 {[%clk 0:05:28]} Ke8 {[%clk 0:28:31]} 30. Rd2
{[%clk 0:04:41]} Rd8 {[%clk 0:27:51]} 31. Rxd8+ {[%clk 0:04:02]} Kxd8
{[%clk 0:28:21]} 32. Bb4 {[%clk 0:03:16]} Nd7 {[%clk 0:26:59]} 33. Nd1
{[%clk 0:03:38]} Nb6 {[%clk 0:25:09]} 34. Bc3 {[%clk 0:02:48]} Bf8
{[%clk 0:25:34]} 35. Kf1 {[%clk 0:02:30]} Na4 {[%clk 0:24:36]} 36. Bf6+
{[%clk 0:02:38]} Kc7 {[%clk 0:23:38]} 37. Nc3 {[%clk 0:02:53]} Nb6
{[%clk 0:21:20]} 38. Bd4 {[%clk 0:02:26]} Nc4 {[%clk 0:20:57]} 39. Bd3
{[%clk 0:01:55]} Nd2+ {[%clk 0:19:35]} 40. Ke2 {[%clk 0:32:17]} Nb3
{[%clk 0:50:00]} 41. Be5+ {[%clk 0:32:23]} Kb6 {[%clk 0:48:26]} 42. Bc2
{[%clk 0:32:26]} Bc4+ {[%clk 0:48:12]} 43. Kd1 {[%clk 0:30:54]} Nc5
{[%clk 0:41:46]} 44. Ne2 {[%clk 0:24:02]} Kb7 45. Bc3 Nb3 {[%clk 0:25:31]} 46.
Nf4 {[%clk 0:19:28]} Nc5 {[%clk 0:16:18]} 47. Kd2 {[%clk 0:13:47]} h5
{[%clk 0:14:38]} 48. Ke3 {[%clk 0:12:52]} Bh6 {[%clk 0:13:31]} 49. Kf3
{[%clk 0:13:18]} Ne6 {[%clk 0:09:47]} 50. Nd3 {[%clk 0:06:59]} Ng5+
{[%clk 0:09:57]} 51. Kf4 {[%clk 0:07:27]} Nxh3+ {[%clk 0:08:30]} 52. Ke5
{[%clk 0:07:53]} Bg7+ {[%clk 0:06:07]} 53. Kd6 {[%clk 0:08:21]} Bf8+
{[%clk 0:05:58]} 54. Kd7 {[%clk 0:08:43]} Ng5 {[%clk 0:05:06]} 55. Ke8
{[%clk 0:07:13]} Bd6 {[%clk 0:04:13]} 56. e5 {[%clk 0:07:18]} Bc7
{[%clk 0:03:52]} 57. b3 {[%clk 0:04:51]} Bd5 {[%clk 0:03:18]} 58. Nf4
{[%clk 0:05:16]} Be4 {[%clk 0:03:04]} 59. Bxe4 {[%clk 0:02:58]} Nxe4
{[%clk 0:03:33]} 60. Bd4 {[%clk 0:03:09]} c5 {[%clk 0:03:56]} 61. Ba1
{[%clk 0:03:31]} c4 {[%clk 0:03:52]} 62. bxc4 {[%clk 0:03:49]} bxc4
{[%clk 0:04:17]} 63. Kxf7 {[%clk 0:04:08]} c3 {[%clk 0:04:17]} 64. Nxg6
{[%clk 0:03:11]} c2 {[%clk 0:03:46]} 65. Bb2 {[%clk 0:03:40]} Nc3
{[%clk 0:03:43]} 66. e6 {[%clk 0:03:38]} Bd6 {[%clk 0:03:57]} 67. e7
{[%clk 0:04:04]} Bxe7 {[%clk 0:04:23]} 68. Nxe7 {[%clk 0:03:37]} Ne2
{[%clk 0:04:41]} 69. Kf6 {[%clk 0:03:39]} Nf4 {[%clk 0:04:59]} 70. Bc1
{[%clk 0:02:23]} Nxg2 {[%clk 0:05:25]} 71. Kg5 {[%clk 0:02:28]} Ne1
{[%clk 0:05:11]} 72. Nf5 {[%clk 0:01:20]} Nd3 {[%clk 0:05:34]} 73. Nd4
{[%clk 0:01:08]} Nxc1 {[%clk 0:05:43]} 74. Kxh5 {[%clk 0:01:06]} Kb6
{[%clk 0:05:50]} 75. Nxc2 {[%clk 0:01:04]} Ka5 {[%clk 0:06:16]} 76. Kg5
{[%clk 0:01:21]} Ka4 {[%clk 0:06:36]} 77. Kf5 {[%clk 0:01:35]} Nb3
{[%clk 0:06:34]} 78. Ke4 {[%clk 0:01:46]} Na1 {[%clk 0:06:55]} 79. Kd3
{[%clk 0:01:46]} Nxc2 {[%clk 0:07:10]} 80. Kxc2 {[%clk 0:02:11]} Kxa3 1/2-1/2

[Event "WCO 2016"]
[Site "?"]
[Date "2016.09.11"]
[Round "9"]
[Board "17"]
[WhiteID "11200243"]
[White "Ayyad Husain"]
[BlackID "20800061"]
[Black "Manan Yoboue Hermann"]
[Result "1-0"]
[BlackElo "2115"]
[WhiteElo "2176"]
[LiveChessVersion "1.4.8"]

1. e4 {[%clk 1:29:35]} e5 {[%clk 1:30:46]} 2. Nf3 {[%clk 1:29:53]} Nc6
{[%clk 1:31:03]} 3. d4 {[%clk 1:30:15]} exd4 {[%clk 1:31:12]} 4. c3
{[%clk 1:30:38]} d5 {[%clk 1:27:50]} 5. exd5 {[%clk 1:31:00]} Qxd5
{[%clk 1:27:38]} 6. cxd4 {[%clk 1:31:27]} Nf6 {[%clk 1:22:21]} 7. Be2
{[%clk 1:31:45]} Bb4+ {[%clk 1:22:22]} 8. Nc3 {[%clk 1:32:08]} O-O
{[%clk 1:18:44]} 9. O-O {[%clk 1:31:56]} Qa5 {[%clk 1:18:34]} 10. Qb3
{[%clk 0:54:50]} Bg4 {[%clk 1:05:15]} 11. Be3 {[%clk 0:54:40]} Rad8
{[%clk 1:02:15]} 12. a3 Bxc3 {[%clk 0:54:47]} 13. bxc3 {[%clk 0:46:39]} Ne4
{[%clk 0:51:37]} 14. Rac1 {[%clk 0:42:23]} Nd6 {[%clk 0:48:05]} 15. h3
{[%clk 0:38:26]} Bxf3 {[%clk 0:43:55]} 16. Bxf3 {[%clk 0:38:37]} Qa6
{[%clk 0:41:05]} 17. Qc2 {[%clk 0:26:32]} Na5 {[%clk 0:40:24]} 18. Be2
{[%clk 0:26:53]} Qb6 {[%clk 0:37:46]} 19. Bd3 {[%clk 0:25:49]} f5
{[%clk 0:34:06]} 20. Bf4 {[%clk 0:24:45]} Ndc4 {[%clk 0:27:44]} 21. Rfe1
{[%clk 0:22:44]} g6 {[%clk 0:25:28]} 22. Re7 {[%clk 0:18:03]} Rc8
{[%clk 0:21:11]} 23. Rce1 {[%clk 0:17:33]} Rf7 {[%clk 0:20:24]} 24. Rxf7
{[%clk 0:15:50]} Kxf7 {[%clk 0:20:28]} 25. Qe2 {[%clk 0:16:18]} Qf6
{[%clk 0:13:22]} 26. Bxc4+ {[%clk 0:16:28]} 1-0

[Event "WCO 2016"]
[Site "?"]
[Date "2016.09.11"]
[Round "9"]
[Board "18"]
[WhiteID "20800070"]
[White "Mambe Lobognon Anderson Olivier"]
[BlackID "11200235"]
[Black "Ayyad Maher"]
[Result "0-1"]
[BlackElo "2076"]
[WhiteElo "1880"]
[LiveChessVersion "1.4.8"]

1. e4 {[%clk 1:30:53]} c5 {[%clk 1:30:55]} 2. Nf3 {[%clk 1:30:56]} e6
{[%clk 1:31:19]} 3. d4 {[%clk 1:30:21]} cxd4 {[%clk 1:31:43]} 4. Nxd4
{[%clk 1:29:38]} Nf6 {[%clk 1:32:07]} 5. Nc3 {[%clk 1:29:31]} Nc6
{[%clk 1:32:32]} 6. Be3 {[%clk 1:29:13]} Bb4 {[%clk 1:32:55]} 7. Bd3
{[%clk 1:27:35]} d5 {[%clk 1:33:18]} 8. f3 {[%clk 1:21:04]} dxe4 {[%clk 1:30:20]}
9. fxe4 {[%clk 1:20:50]} Nxe4 {[%clk 1:28:28]} 10. Nde2 {[%clk 1:12:56]} Nxc3
{[%clk 1:28:21]} 11. bxc3 {[%clk 1:13:15]} Be7 {[%clk 1:28:04]} 12. O-O
{[%clk 1:13:25]} O-O {[%clk 1:28:07]} 13. Ng3 {[%clk 1:11:30]} f5
{[%clk 1:24:58]} 14. Qh5 {[%clk 1:10:23]} Qe8 {[%clk 1:24:07]} 15. Qe2
{[%clk 1:10:37]} Ne5 {[%clk 1:24:10]} 16. Bb5 {[%clk 1:08:00]} Qg6
{[%clk 1:23:51]} 17. Bxa7 {[%clk 1:01:53]} Ng4 {[%clk 1:23:02]} 18. Bf2
{[%clk 1:00:04]} Bd6 {[%clk 1:20:49]} 19. Rfd1 {[%clk 0:56:25]} e5
{[%clk 1:07:23]} 20. Rd5 {[%clk 0:53:30]} Nxf2 {[%clk 1:05:50]} 21. Qxf2
{[%clk 0:52:59]} Bc7 {[%clk 1:05:22]} 22. Kh1 {[%clk 0:50:33]} Be6
{[%clk 1:04:32]} 23. c4 {[%clk 0:45:49]} Bxd5 {[%clk 1:04:12]} 24. cxd5
{[%clk 0:46:18]} f4 {[%clk 1:04:27]} 25. Nf1 {[%clk 0:45:55]} Bb6
{[%clk 1:04:30]} 26. Qf3 {[%clk 0:43:08]} e4 {[%clk 1:03:44]} 27. Qh3
{[%clk 0:42:28]} Rf6 {[%clk 1:02:25]} 28. a4 {[%clk 0:41:47]} f3 {[%clk 1:01:47]}
29. g3 {[%clk 0:41:36]} e3 {[%clk 1:01:53]} 30. a5 {[%clk 0:40:43]} e2
{[%clk 1:01:10]} 31. Nd2 {[%clk 0:40:47]} Qxc2 {[%clk 1:00:28]} 32. Nxf3
{[%clk 0:38:52]} Rxf3 {[%clk 1:00:06]} 33. Qe6+ {[%clk 0:38:54]} Kh8
{[%clk 1:00:28]} 34. Bxe2 {[%clk 0:38:38]} Rf6 {[%clk 1:00:35]} 35. Qe7
{[%clk 0:34:21]} Bc5 {[%clk 1:00:05]} 36. Qe5 {[%clk 0:29:26]} Rf5
{[%clk 0:58:25]} 37. Qe6 {[%clk 0:27:45]} Bd4 {[%clk 0:57:57]} 38. Rf1
{[%clk 0:25:51]} Rxf1+ {[%clk 0:58:09]} 39. Bxf1 {[%clk 0:26:17]} Qf2
{[%clk 0:58:33]} 0-1

[Event "WCO 2016"]
[Site "?"]
[Date "2016.09.11"]
[Round "9"]
[Board "19"]
[WhiteID "11201258"]
[White "Darwish Hashim"]
[BlackID "20800088"]
[Black "Ble Kouko Hubert"]
[Result "1/2-1/2"]
[BlackElo "1918"]
[WhiteElo "1766"]
[LiveChessVersion "1.4.8"]

1. e4 {[%clk 1:30:58]} e5 {[%clk 1:30:42]} 2. Nf3 {[%clk 1:31:24]} Nc6
{[%clk 1:31:03]} 3. Bb5 a6 {[%clk 1:31:02]} 4. Ba4 {[%clk 1:31:51]} Nf6
{[%clk 1:31:02]} 5. O-O {[%clk 1:32:12]} Be7 {[%clk 1:31:27]} 6. Re1
{[%clk 1:32:16]} b5 {[%clk 1:31:12]} 7. Bb3 {[%clk 1:32:42]} d6 {[%clk 1:31:16]}
8. c3 {[%clk 1:32:47]} O-O {[%clk 1:31:30]} 9. a4 {[%clk 1:31:46]} Bb7
{[%clk 1:22:34]} 10. d4 {[%clk 1:30:57]} Nd7 {[%clk 1:14:55]} 11. Nbd2
{[%clk 1:25:46]} Na5 {[%clk 1:13:47]} 12. Bc2 {[%clk 1:25:41]} c5
{[%clk 1:11:55]} 13. b4 {[%clk 1:23:57]} cxb4 {[%clk 1:11:53]} 14. cxb4
{[%clk 1:24:14]} Nc6 {[%clk 1:12:12]} 15. Rb1 {[%clk 1:18:31]} exd4
{[%clk 1:03:46]} 16. axb5 {[%clk 1:12:24]} axb5 {[%clk 1:01:22]} 17. Nb3
{[%clk 1:12:22]} Nxb4 {[%clk 1:00:53]} 18. Nbxd4 {[%clk 1:11:59]} Nxc2
{[%clk 0:52:19]} 19. Qxc2 {[%clk 1:11:57]} Rc8 {[%clk 0:48:03]} 20. Qd1
{[%clk 1:03:31]} Nc5 {[%clk 0:47:43]} 21. Rxb5 {[%clk 1:03:01]} Bxe4
{[%clk 0:34:32]} 22. Ba3 {[%clk 1:01:19]} Bg6 {[%clk 0:30:54]} 23. Re3
{[%clk 0:57:12]} Re8 {[%clk 0:29:57]} 24. Ne2 {[%clk 0:55:20]} Bf8
{[%clk 0:22:50]} 25. Rc3 {[%clk 0:36:32]} Rb8 {[%clk 0:18:14]} 26. Rxb8
{[%clk 0:33:01]} Qxb8 {[%clk 0:18:30]} 27. Nf4 {[%clk 0:32:07]} Be4
{[%clk 0:17:49]} 28. Nd2 {[%clk 0:28:28]} Bf5 {[%clk 0:17:09]} 29. h3
{[%clk 0:27:03]} Ne4 {[%clk 0:16:21]} 30. Nxe4 {[%clk 0:25:08]} Rxe4
{[%clk 0:15:04]} 31. Nd5 {[%clk 0:21:37]} Qe8 {[%clk 0:11:08]} 32. Re3
{[%clk 0:16:15]} Bg6 {[%clk 0:08:56]} 33. Qf3 {[%clk 0:12:11]} Rxe3
{[%clk 0:08:59]} 34. Qxe3 {[%clk 0:11:40]} Qxe3 {[%clk 0:08:11]} 35. Nxe3
{[%clk 0:11:51]} Bd3 {[%clk 0:06:56]} 36. f3 {[%clk 0:08:04]} f5 {[%clk 0:05:15]}
37. Kf2 {[%clk 0:08:00]} g6 {[%clk 0:04:39]} 38. Ke1 {[%clk 0:07:16]} Kf7
{[%clk 0:04:17]} 39. Nd5 {[%clk 0:05:45]} Bc4 {[%clk 0:04:29]} 40. Ne3
{[%clk 0:34:59]} Bb3 {[%clk 0:34:46]} 41. Ke2 {[%clk 0:34:25]} f4
{[%clk 0:33:53]} 42. Ng4 {[%clk 0:34:14]} Ke6 {[%clk 0:32:42]} 43. Bc1
{[%clk 0:34:12]} Bc4+ {[%clk 0:32:44]} 44. Ke1 {[%clk 0:34:22]} g5
{[%clk 0:31:15]} 45. Ba3 {[%clk 0:34:32]} Bg7 {[%clk 0:31:03]} 46. Bc1
{[%clk 0:32:17]} h5 {[%clk 0:29:40]} 47. Nh2 {[%clk 0:32:35]} Bf6
{[%clk 0:29:11]} 48. h4 {[%clk 0:32:24]} Kf5 {[%clk 0:27:35]} 49. hxg5
{[%clk 0:30:04]} Bxg5 {[%clk 0:28:03]} 50. Kf2 {[%clk 0:23:13]} Bh4+
{[%clk 0:27:54]} 51. Kg1 {[%clk 0:23:40]} Bf6 {[%clk 0:25:04]} 52. Kf2
{[%clk 0:23:29]} Bd4+ {[%clk 0:25:27]} 53. Ke1 {[%clk 0:23:47]} d5
{[%clk 0:23:23]} 54. Nf1 {[%clk 0:23:45]} Bxf1 {[%clk 0:23:38]} 55. Kxf1
{[%clk 0:24:08]} Be3 {[%clk 0:21:51]} 56. Ba3 {[%clk 0:23:27]} Bd4
{[%clk 0:20:25]} 57. Bb4 {[%clk 0:23:28]} Be5 {[%clk 0:20:44]} 58. Be1
{[%clk 0:21:15]} Ke6 {[%clk 0:20:06]} 59. Ke2 {[%clk 0:21:29]} Kd6
{[%clk 0:19:46]} 60. Kd3 {[%clk 0:21:17]} Ke6 {[%clk 0:18:39]} 61. Bh4 1/2-1/2

[Event "WCO 2016"]
[Site "?"]
[Date "2016.09.11"]
[Round "9"]
[Board "17"]
[WhiteID "10500553"]
[White "Yee Soon Wei"]
[BlackID "10100130"]
[Black "Aderito Pedro"]
[Result "0-1"]
[BlackElo "2315"]
[WhiteElo "2293"]
[LiveChessVersion "1.4.8"]

1. e4 {[%clk 1:30:46]} e6 {[%clk 1:30:47]} 2. d4 {[%clk 1:29:52]} d6
{[%clk 1:30:49]} 3. Nc3 {[%clk 1:29:45]} a6 {[%clk 1:31:01]} 4. a4
{[%clk 1:28:51]} b6 {[%clk 1:30:32]} 5. f4 {[%clk 1:28:35]} d5 {[%clk 1:30:13]}
6. Nf3 {[%clk 1:24:47]} Bb4 {[%clk 1:25:09]} 7. Bd3 {[%clk 1:22:13]} c5
{[%clk 1:24:16]} 8. exd5 {[%clk 1:19:49]} exd5 {[%clk 1:21:55]} 9. O-O
{[%clk 1:18:28]} c4 {[%clk 1:21:50]} 10. Be2 {[%clk 1:08:56]} Ne7
{[%clk 1:16:40]} 11. Be3 {[%clk 1:01:37]} O-O {[%clk 1:14:34]} 12. Bf2
{[%clk 0:51:50]} Ra7 {[%clk 1:13:13]} 13. h3 {[%clk 0:49:54]} Re8
{[%clk 1:11:25]} 14. g4 {[%clk 0:36:30]} f6 {[%clk 1:05:43]} 15. Nh4
{[%clk 0:29:48]} Nbc6 {[%clk 1:00:10]} 16. Kh1 {[%clk 0:26:50]} g5
{[%clk 1:00:01]} 17. Ng2 {[%clk 0:25:06]} Ng6 {[%clk 0:34:24]} 18. f5
{[%clk 0:19:32]} Nge7 {[%clk 0:33:54]} 19. Bf3 {[%clk 0:19:10]} h5
{[%clk 0:29:11]} 20. Ne3 {[%clk 0:18:26]} Rd7 {[%clk 0:28:19]} 21. Ne2
{[%clk 0:16:20]} h4 {[%clk 0:21:04]} 22. c3 {[%clk 0:16:40]} Ba5 {[%clk 0:21:26]}
23. b4 {[%clk 0:15:16]} cxb3 {[%clk 0:21:33]} 24. Qxb3 {[%clk 0:15:01]} Kh8
{[%clk 0:21:46]} 25. Rfe1 {[%clk 0:09:54]} Bb7 {[%clk 0:21:48]} 26. Nc1
{[%clk 0:09:40]} Qa8 {[%clk 0:12:28]} 27. Nd3 {[%clk 0:09:56]} Rc8
{[%clk 0:10:18]} 28. Bg2 {[%clk 0:05:01]} Nd8 {[%clk 0:09:48]} 29. Rac1
{[%clk 0:04:13]} Nf7 {[%clk 0:09:57]} 30. Nb4 {[%clk 0:04:00]} Kg7
{[%clk 0:09:53]} 31. Bg1 {[%clk 0:02:39]} Nd6 {[%clk 0:05:47]} 32. Nbxd5
{[%clk 0:01:01]} Nc4 {[%clk 0:05:45]} 33. Nxc4 {[%clk 0:00:45]} Bxd5
{[%clk 0:05:54]} 34. Bf2 0-1

[Event "WCO 2016"]
[Site "?"]
[Date "2016.09.11"]
[Round "9"]
[Board "18"]
[WhiteID "10101314"]
[White "Silva David"]
[BlackID "10500499"]
[Black "Pg Md Omar Ak Hafizon"]
[Result "1/2-1/2"]
[BlackElo "2168"]
[WhiteElo "2276"]
[LiveChessVersion "1.4.8"]

1. e4 {[%clk 1:30:52]} d6 {[%clk 1:30:54]} 2. d4 {[%clk 1:31:12]} Nf6
{[%clk 1:31:11]} 3. Nc3 {[%clk 1:31:40]} e5 {[%clk 1:31:29]} 4. Nf3
{[%clk 1:32:08]} Nbd7 {[%clk 1:31:18]} 5. g4 {[%clk 1:32:36]} Nxg4
{[%clk 1:23:05]} 6. Rg1 {[%clk 1:32:51]} Ngf6 {[%clk 1:21:38]} 7. Bc4
{[%clk 1:33:17]} h6 {[%clk 1:02:58]} 8. Be3 {[%clk 1:32:56]} Nb6 {[%clk 0:55:43]}
9. Bb5+ {[%clk 1:32:36]} c6 {[%clk 0:55:14]} 10. dxe5 {[%clk 1:32:01]} Ng4
{[%clk 0:52:43]} 11. Be2 {[%clk 1:32:29]} Nxe3 {[%clk 0:52:42]} 12. fxe3
{[%clk 1:32:57]} dxe5 {[%clk 0:50:41]} 13. Qxd8+ {[%clk 1:32:15]} Kxd8
{[%clk 0:51:03]} 14. O-O-O+ {[%clk 1:32:43]} Kc7 {[%clk 0:51:07]} 15. Nxe5
{[%clk 1:32:46]} Be6 {[%clk 0:50:52]} 16. Bg4 {[%clk 1:30:04]} Bc5
{[%clk 0:44:21]} 17. Rde1 {[%clk 1:30:25]} Rae8 {[%clk 0:39:23]} 18. Bxe6
{[%clk 1:29:56]} Rxe6 {[%clk 0:38:29]} 19. Nd3 {[%clk 1:30:13]} Bf8
{[%clk 0:37:02]} 20. Ref1 {[%clk 1:30:23]} f6 {[%clk 0:36:47]} 21. Nf4
{[%clk 1:28:39]} Re8 {[%clk 0:36:44]} 22. Ng6 {[%clk 1:27:15]} Rg8
{[%clk 0:36:45]} 23. e5 {[%clk 1:26:16]} Bc5 {[%clk 0:35:21]} 24. Rg3
{[%clk 1:26:44]} Nc4 {[%clk 0:25:03]} 25. Ne4 {[%clk 1:26:27]} Bxe3+
{[%clk 0:24:36]} 26. Kd1 {[%clk 1:26:55]} Nxb2+ {[%clk 0:22:00]} 27. Ke2
{[%clk 1:25:39]} Bd4 {[%clk 0:22:08]} 28. Rb3 {[%clk 1:23:02]} Nc4
{[%clk 0:21:56]} 29. Kd3 {[%clk 1:19:37]} Nxe5+ {[%clk 0:21:44]} 30. Kxd4
{[%clk 1:19:34]} Nxg6 {[%clk 0:19:51]} 31. Rg3 {[%clk 1:18:58]} Ne7
{[%clk 0:17:42]} 32. Nc5 {[%clk 1:18:01]} Nc8 {[%clk 0:13:08]} 33. Rfg1
{[%clk 1:18:06]} g5 {[%clk 0:13:15]} 34. Rf3 {[%clk 1:18:13]} Re5
{[%clk 0:07:20]} 35. Nd3 {[%clk 1:08:46]} Rd5+ {[%clk 0:07:34]} 36. Kc3
{[%clk 1:08:59]} Nd6 {[%clk 0:07:53]} 37. Re1 {[%clk 1:09:13]} Re8
{[%clk 0:03:52]} 38. Rxe8 {[%clk 1:09:13]} Nxe8 {[%clk 0:04:17]} 39. Rh3
{[%clk 1:09:42]} f5 {[%clk 0:03:36]} 40. Rxh6 {[%clk 1:40:02]} f4
{[%clk 0:33:52]} 41. h4 {[%clk 1:38:40]} Nd6 {[%clk 0:16:46]} 42. hxg5
{[%clk 1:38:37]} Ne4+ {[%clk 0:16:25]} 43. Kb2 {[%clk 1:38:06]} f3
{[%clk 0:15:06]} 44. Rh7+ {[%clk 1:32:41]} Kb6 {[%clk 0:15:23]} 45. g6
{[%clk 1:32:51]} Rg5 {[%clk 0:12:16]} 46. Rf7 {[%clk 1:32:30]} f2
{[%clk 0:12:08]} 47. Nxf2 {[%clk 1:32:31]} Nxf2 {[%clk 0:12:33]} 48. Rxf2
{[%clk 1:32:59]} Rxg6 {[%clk 0:12:58]} 49. Rf3 {[%clk 1:32:50]} a5
{[%clk 0:13:17]} 50. Rf2 {[%clk 1:33:01]} Ka6 {[%clk 0:12:48]} 51. Rf3
{[%clk 1:32:14]} b5 {[%clk 0:13:10]} 52. Rf2 {[%clk 1:31:53]} Rg3
{[%clk 0:13:34]} 53. Rf8 {[%clk 1:32:16]} Kb6 {[%clk 0:13:24]} 54. a3
{[%clk 1:32:16]} 1/2-1/2

[Event "WCO 2016"]
[Site "?"]
[Date "2016.09.11"]
[Round "9"]
[Board "20"]
[WhiteID "10100911"]
[White "Aguiar Cristiano"]
[BlackID "10500219"]
[Black "Yussof Pg Abd Rahman"]
[Result "1-0"]
[BlackElo "1927"]
[WhiteElo "2208"]
[LiveChessVersion "1.4.8"]

1. e4 {[%clk 1:30:56]} e6 {[%clk 1:30:17]} 2. d4 {[%clk 1:31:19]} g6
{[%clk 1:29:30]} 3. Be3 {[%clk 1:31:19]} Bg7 {[%clk 1:29:44]} 4. Nc3
{[%clk 1:30:38]} Ne7 {[%clk 1:29:03]} 5. Qd2 {[%clk 1:31:02]} Nbc6
{[%clk 1:25:16]} 6. d5 {[%clk 1:27:14]} Ne5 {[%clk 1:20:05]} 7. d6
{[%clk 1:08:55]} cxd6 {[%clk 1:12:00]} 8. Qxd6 {[%clk 1:08:47]} O-O
{[%clk 1:09:29]} 9. Bc5 {[%clk 0:55:01]} N5c6 {[%clk 1:05:27]} 10. Nf3
{[%clk 0:53:53]} b6 {[%clk 0:59:22]} 11. Ba3 {[%clk 0:52:21]} a6 {[%clk 0:56:40]}
12. Be2 {[%clk 0:51:36]} Re8 {[%clk 0:54:46]} 13. O-O {[%clk 0:51:28]} Bf6
{[%clk 0:44:20]} 14. Qf4 {[%clk 0:51:21]} Bg7 {[%clk 0:43:02]} 15. Rad1
{[%clk 0:49:06]} e5 {[%clk 0:40:19]} 16. Qh4 {[%clk 0:45:34]} b5 {[%clk 0:38:15]}
17. Bd6 {[%clk 0:43:11]} f6 {[%clk 0:34:37]} 18. a4 {[%clk 0:42:04]} Qb6
{[%clk 0:30:04]} 19. axb5 {[%clk 0:41:20]} Nd4 {[%clk 0:29:59]} 20. Bc4+
{[%clk 0:39:11]} Kh8 {[%clk 0:29:17]} 21. Nxe5 {[%clk 0:30:18]} fxe5
{[%clk 0:26:37]} 22. Bxe7 {[%clk 0:29:46]} Bb7 {[%clk 0:22:28]} 23. bxa6
{[%clk 0:29:19]} Bxa6 {[%clk 0:20:55]} 24. Nd5 {[%clk 0:29:34]} g5
{[%clk 0:07:43]} 25. Bxg5 {[%clk 0:29:15]} Qg6 {[%clk 0:07:30]} 26. Bxa6
{[%clk 0:28:51]} Re6 {[%clk 0:04:58]} 27. c3 h6 {[%clk 0:03:37]} 28. cxd4
{[%clk 0:28:29]} Qxg5 {[%clk 0:01:59]} 29. Qxg5 {[%clk 0:28:48]} hxg5
{[%clk 0:02:09]} 30. Bd3 {[%clk 0:29:08]} Rh6 {[%clk 0:01:45]} 31. b4
{[%clk 0:28:35]} exd4 {[%clk 0:01:58]} 32. b5 {[%clk 0:28:56]} Be5
{[%clk 0:01:10]} 33. g3 {[%clk 0:28:34]} Rg8 {[%clk 0:00:55]} 34. Kg2
{[%clk 0:27:59]} Rg7 {[%clk 0:01:05]} 35. h3 {[%clk 0:27:39]} Rgh7
{[%clk 0:00:58]} 36. b6 {[%clk 0:27:31]} Rxh3 {[%clk 0:00:56]} 37. Rh1
{[%clk 0:27:59]} g4 {[%clk 0:00:54]} 38. Be2 {[%clk 0:28:19]} Rg7
{[%clk 0:00:46]} 39. Bxg4 {[%clk 0:28:28]} Rxh1 {[%clk 0:00:51]} 40. Rxh1+
{[%clk 0:58:56]} Kg8 {[%clk 0:30:59]} 41. Bh5 {[%clk 0:59:09]} Kf8
{[%clk 0:30:33]} 42. Ra1 {[%clk 0:59:22]} 1-0

[Event "WCO 2016"]
[Site "?"]
[Date "2016.09.11"]
[Round "9"]
[Board "21"]
[WhiteID "11500255"]
[White "Tamra Attallah"]
[BlackID "10300163"]
[Black "Al-Hajiri Bader"]
[Result "0-1"]
[BlackElo "2116"]
[WhiteElo "2087"]
[LiveChessVersion "1.4.8"]

1. Nf3 d5 2. b3 {[%clk 1:30:14]} c5 {[%clk 1:29:48]} 3. e4 {[%clk 1:29:40]} dxe4
{[%clk 1:29:39]} 4. Ne5 {[%clk 1:29:46]} a6 {[%clk 1:20:26]} 5. Bc4
{[%clk 1:27:50]} e6 {[%clk 1:20:44]} 6. a4 {[%clk 1:27:18]} Qd4 {[%clk 1:20:11]}
7. Bb2 {[%clk 1:26:25]} Qxb2 {[%clk 1:18:46]} 8. Nc3 {[%clk 1:26:46]} Bd6
{[%clk 1:19:14]} 9. f4 {[%clk 1:24:24]} f6 {[%clk 1:17:35]} 10. Ra2
{[%clk 1:19:42]} Qxa2 {[%clk 1:17:39]} 11. Nxa2 {[%clk 1:20:09]} fxe5
{[%clk 1:18:04]} 12. fxe5 {[%clk 1:20:25]} Bc7 {[%clk 1:17:46]} 13. Qg4
{[%clk 1:20:14]} Nc6 {[%clk 1:17:14]} 14. Bxe6 {[%clk 1:19:22]} Bxe6
{[%clk 1:14:46]} 15. Qxe6+ {[%clk 1:19:37]} Nge7 {[%clk 1:15:13]} 16. Nc3
{[%clk 1:19:30]} Nd4 {[%clk 1:14:51]} 17. Qc4 {[%clk 1:18:57]} Nxc2+
{[%clk 1:09:01]} 18. Kd1 {[%clk 1:18:52]} Nd4 {[%clk 1:09:17]} 19. Qxc5
{[%clk 1:17:07]} Nec6 {[%clk 1:00:57]} 20. Nxe4 {[%clk 1:09:58]} O-O-O
{[%clk 0:57:57]} 21. Nd6+ {[%clk 1:09:29]} Kb8 {[%clk 0:48:07]} 22. Rf1
{[%clk 0:57:57]} Nxe5 {[%clk 0:46:15]} 23. Qxe5 {[%clk 0:57:57]} Rxd6
{[%clk 0:45:41]} 24. Qxg7 {[%clk 0:58:17]} Rhd8 {[%clk 0:45:47]} 25. Rf8
{[%clk 0:58:07]} Nxb3 {[%clk 0:45:13]} 26. Rxd8+ {[%clk 0:57:58]} Rxd8
{[%clk 0:45:37]} 27. Kc2 {[%clk 0:52:47]} Nxd2 {[%clk 0:45:56]} 28. Qxh7
{[%clk 0:52:58]} Nc4 {[%clk 0:46:09]} 29. Kc3 {[%clk 0:50:14]} Ne3
{[%clk 0:44:05]} 30. g3 {[%clk 0:42:50]} Be5+ {[%clk 0:43:10]} 31. Kb3
{[%clk 0:43:11]} Rd2 {[%clk 0:42:56]} 32. a5 {[%clk 0:33:42]} Rb2+
{[%clk 0:41:52]} 33. Ka4 {[%clk 0:33:50]} Nc2 {[%clk 0:40:43]} 34. Qe7
{[%clk 0:32:51]} Rb4+ {[%clk 0:35:26]} 35. Qxb4 {[%clk 0:33:00]} Nxb4
{[%clk 0:35:53]} 36. Kxb4 {[%clk 0:33:22]} Bc7 {[%clk 0:36:19]} 37. Kc4
{[%clk 0:14:15]} Bxa5 {[%clk 0:36:32]} 38. Kd5 {[%clk 0:13:50]} Bc7
{[%clk 0:36:33]} 39. Ke4 {[%clk 0:11:56]} a5 {[%clk 0:36:02]} 0-1